Slovensko - moja slovenčina, slovenčina - moje Slovensko

Bibliographic Details
Main Author: Baloghová, Magda, 1945- (Author)
Format: Article
Language:Slovak
Subjects:

MARC

LEADER 00000nab a2200000 a 4500
001 vtls000561924
003 SK-MaSNL
005 20260304020455.0
008 140302c1995 xo 0 slo
015 |a SNBRB19rr/mm-uuuuu 
035 |a CL0562062 
040 |a SNKBUCL  |b slo  |c SNKBUCL  |e AACR2 
041 0 |a slo 
044 |a xo  |c SK 
080 |a 371.383:373.3  |2 1981 
080 |a 373.3  |2 1981 
080 |a 82:061.7  |2 1981 
100 1 |a Baloghová, Magda,  |d 1945-  |4 aut  |9 105180 
245 1 0 |a Slovensko - moja slovenčina, slovenčina - moje Slovensko  |c Magda Baloghová 
650 0 7 |a sloh (vyučovací predmet)  |2 snkbucl  |9 19939 
650 0 7 |a práce slohové  |2 snkbucl  |9 988531 
650 0 7 |a súťaže žiacke  |2 snkbucl  |9 901086 
650 0 7 |a školy základné  |2 snkbucl  |9 390867 
650 0 7 |a súťaže literárne autorské detské  |2 snkbucl  |9 993773 
650 0 7 |a Prečo sa mi páči moja rodná reč?  |2 snkbucl  |9 988532 
655 7 |a články z novín a časopisov  |2 snkbucl  |9 267496 
773 0 |t Učiteľské noviny  |g Roč. 45, č. 28 (1995), s. 5 
850 |a Slovenská národná knižnica v Martine  |a MTA001 
852 |a SNK  |b KIS3GCP 
958 |a RK 
992 |a RBX 
999 |c 2599080  |d 2601010